| 000 | 00490nam a2200133Ia 4500 | ||
|---|---|---|---|
| 008 | 171212s9999 xx 000 0 und d | ||
| 020 | _a9781921862427 | ||
| 100 | _aBurke, Paul | ||
| 245 |
_cBurke, Paul _aLaw's Anthropology _bFrom ethnography to expert testimony in native title |
||
| 260 |
_bANU E Press _c2011 |
||
| 650 | _aAnthropology | ||
| 650 | _aNative title (Australia) -- Law and legislation; Judicial process; Evidence, Expert | ||
| 856 | _uwww.jstor.org/stable/10.2307/j.ctt24hdxr | ||
| 999 |
_c351185 _d351185 |
||